| 000 | 00707cam a22002051 4500 | ||
|---|---|---|---|
| 999 |
_c65868 _d65868 |
||
| 001 | 3111385 | ||
| 003 | ARRUPE | ||
| 005 | 20170926114227.0 | ||
| 008 | 781003s1948 za a 000 0 eng | ||
| 010 | _a 58033726 | ||
| 040 |
_aDLC _cDLC _dDLC |
||
| 050 | 0 | 0 |
_aGV1708.R5 _bB7 |
| 100 | 1 |
_aBrelsford, William Vernon. _912654 |
|
| 245 | 1 | 0 | _aAfrican dances of Northern Rhodesia. |
| 260 |
_aLivingstone, _bNorthern Rhodesia, Rhodes-Livingstone Museum, _c1948. |
||
| 300 |
_a26 p. _billus . _c22 cm. |
||
| 490 | 0 | _aThe Occasional papers of the Rhodes-Livingstone Museum, new ser., no. 2 | |
| 650 | 0 |
_aFolk dancing _zZambia. _936204 |
|
| 906 |
_a7 _bcbc _corignew _du _eocip _f19 _gy-gencatlg |
||
| 942 |
_2lcc _cMONOGRAPH |
||